ប្រអប់ដែកភ្លើងរបស់លោកតា​ / (Record no. 1718)

MARC details
000 -LEADER
fixed length control field 02399nam a22003017a 4500
001 - CONTROL NUMBER
control field 1718
003 - CONTROL NUMBER IDENTIFIER
control field FISKH
005 - DATE AND TIME OF LATEST TRANSACTION
control field 20250528095219.0
008 - FIXED-LENGTH DATA ELEMENTS--GENERAL INFORMATION
fixed length control field 230919b cb ||||| |||| 00| 0 khr d
020 ## - INTERNATIONAL STANDARD BOOK NUMBER
International Standard Book Number 9789996305993
040 ## - CATALOGING SOURCE
Original cataloging agency FISKH
Language of cataloging eng
Transcribing agency FISKH
Modifying agency FISKH
082 ## - DEWEY DECIMAL CLASSIFICATION NUMBER
Classification number 895.1099282
100 ## - MAIN ENTRY--PERSONAL NAME
Personal name Lu, Xu
245 ## - TITLE STATEMENT
Title ប្រអប់ដែកភ្លើងរបស់លោកតា​ /
Statement of responsibility, etc. និពន្ធដោយ ស៊ូ លូ - គូររូបដោយ ហ្ស៊ូ ឆេងលាង - ​បកប្រែពីភាសាអង់គ្លេសដោយ​ ប៊ុត សុផល
250 ## - EDITION STATEMENT
Edition statement បោះពុម្ពលើកទី ៣ មេសា ២០២២
260 ## - PUBLICATION, DISTRIBUTION, ETC.
Place of publication, distribution, etc. Phnom Penh :
Name of publisher, distributor, etc. Sipar,
Date of publication, distribution, etc. 2022.
300 ## - PHYSICAL DESCRIPTION
Extent 31 pages :
Other physical details color illustrations ;
Dimensions 22 × 26 cm
505 ## - FORMATTED CONTENTS NOTE
Formatted contents note O<br/>
520 ## - SUMMARY, ETC.
Summary, etc. ជីតាគឺជាអភិរក្សនៃភ្នំបៃតងដ៏អស្ចារ្យ។ គាត់មានប្រអប់ព្រីនដែលគាត់តែងតែប្រើ។ ពេល​គាត់​ចង់​ជក់ គាត់​យក​ដុំ​ដែក ដែក​ភ្លើង និង​ដុំ​សំណប៉ាហាំង​ចេញ រួច​គាត់​វាយ។ កញ្ជ្រោងតូចមួយបានឃើញពីរបៀបដែលជីតាបានប្រើប្រអប់សំណប៉ាហាំង ហើយលួចប្រអប់សំណប៉ាហាំងរបស់គាត់។ នៅទីបញ្ចប់ ប្រអប់ព្រីននេះនៅជាមួយជីតានៅលើភ្នំជារៀងរហូត។
520 ## - SUMMARY, ETC.
Summary, etc. Grandpa is a ranger of the Great Green Mountain. He has a tinderbox that he always uses. When he wants to smoke, he takes out the flint, the fire steel, and a pile of tinder then he strikes. A little fox had seen how Grandpa used the tinderbox and stole his tinderbox. In the end, this tinderbox stays forever with Grandpa at the mountain.
521 8# - TARGET AUDIENCE NOTE
Target audience note 640<br/>
Source Lexile estimate
521 8# - TARGET AUDIENCE NOTE
Target audience note O
Source Raz-Plus
650 ## - SUBJECT ADDED ENTRY--TOPICAL TERM
Topical term or geographic name entry element អនុរក្ស
Form subdivision ភ្នំ
General subdivision ប្រអប់
Chronological subdivision កញ្ជ្រោង
650 ## - SUBJECT ADDED ENTRY--TOPICAL TERM
Topical term or geographic name entry element Ranger
Form subdivision Mountain
General subdivision Box
Chronological subdivision Fox
700 ## - ADDED ENTRY--PERSONAL NAME
Personal name Chengliang, Zhu
Relator term illustrator
700 ## - ADDED ENTRY--PERSONAL NAME
Personal name Sophal, Bot
Relator term Translator
942 ## - ADDED ENTRY ELEMENTS (KOHA)
Source of classification or shelving scheme Dewey Decimal Classification
Koha item type Khmer Books
Suppress in OPAC No
Holdings
Withdrawn status Lost status Source of classification or shelving scheme Damaged status Not for loan Collection Home library Current library Shelving location Date acquired Total Checkouts Full call number Barcode Date last seen Copy number Price effective from Koha item type Date due Date last checked out
    Dewey Decimal Classification     Khmer Language Books / សៀវភៅភាសាខ្មែរ Footprints International School Library Network Toul Kork Campus Footprints International School Library Network Toul Kork Campus TK Campus, Room B402, Khmer Book Case 16, Shelves 112-123 / ទូរសៀវភៅខ្មែរលេខ ១៦​ ធ្នើរ ១១២ ដល់ ១២៣ បន្ទប់ B402 សាខាទួលគោក 09/19/2023   LUX 895.1099282 2023-0665 09/19/2023 1 09/19/2023 Khmer Books    
    Dewey Decimal Classification     Khmer Language Books / សៀវភៅភាសាខ្មែរ Footprints International School Library Network Toul Kork Campus Footprints International School Library Network Toul Kork Campus TK Campus, Room B402, Khmer Book Case 16, Shelves 112-123 / ទូរសៀវភៅខ្មែរលេខ ១៦​ ធ្នើរ ១១២ ដល់ ១២៣ បន្ទប់ B402 សាខាទួលគោក 09/19/2023   LUX 895.1099282 2023-0666 09/19/2023 2 09/19/2023 Khmer Books    
    Dewey Decimal Classification     Khmer Language Books / សៀវភៅភាសាខ្មែរ Footprints International School Library Network Toul Tom Poung Campus Footprints International School Library Network Toul Kork Campus TTP Primary Khmer Bookshelves 06/27/2024 1 LUX 895.1099282 FISBK072063 04/24/2026 4 06/27/2024 Khmer Books 05/08/2026 04/24/2026
    Dewey Decimal Classification     Khmer Language Books / សៀវភៅភាសាខ្មែរ Footprints International School Library Network Toul Tom Poung Campus Footprints International School Library Network Toul Tom Poung Campus TTP Primary Khmer Bookshelves 09/19/2023   LUX 895.1099282 FISTK05315 10/10/2023 3 09/19/2023 Khmer Books    
    Dewey Decimal Classification     Khmer Language Books / សៀវភៅភាសាខ្មែរ Footprints International School Library Network Toul Tom Poung Campus Footprints International School Library Network Toul Tom Poung Campus TTP Primary Khmer Bookshelves 10/09/2025   LUX 895.1099282 FIS04398 10/09/2025 5 10/09/2025 Khmer Books    
    Dewey Decimal Classification     Khmer Language Books / សៀវភៅភាសាខ្មែរ Footprints International School Library Network Toul Tom Poung Campus Footprints International School Library Network Toul Tom Poung Campus TTP Primary Khmer Bookshelves 10/09/2025   LUX 895.1099282 FIS04382 10/09/2025 6 10/09/2025 Khmer Books